[Event "Hannover Region-ch op"]
[Site "Hannover"]
[Date "2003.03.15"]
[Round "7"]
[White "Dragoey, Sven Hugo"]
[Black "Neugebauer, Jutta"]
[Result "0-1"]
[WhiteElo "1540"]
[BlackElo "1255"]
[PlyCount "46"]
[EventDate "2003.01.25"]
[EventType "swiss"]
[EventRounds "7"]
[EventCountry "GER"]
[SourceTitle "EXT 2022"]
[Source "ChessBase"]
[SourceDate "2021.10.06"]
[SourceVersion "1"]
[SourceVersionDate "2021.10.06"]
[SourceQuality "1"]

1. e4 e5 2. f4 Nc6 3. Nf3 Nf6 4. Nc3 d5 5. Bb5 Bd7 6. exd5 Nd4 7. Nxd4 exd4 8. Qe2+ Be7 9. Bxd7+ Qxd7 10. Nd1 Nxd5 11. g3 Nb4 12. 0-0 Nxc2 13. Rb1 0-0-0 14. a3 d3 15. Qf2 Nd4 16. Qg2 Nb3 17. Re1 Rhe8 18. Kf1 Bc5 19. Ne3 Bxe3 20. Rd1 Bc5 21. Qf3 Re2 22. g4 Rxh2 23. f5 Qd4 0-1